| 000 | 00853nam a22001817a 4500 | ||
|---|---|---|---|
| 005 | 20210414114022.0 | ||
| 008 | 120618t xxu||||| |||| 00| 0 eng d | ||
| 020 | _a0262692082 | ||
| 050 | _aHJ4652.S528 | ||
| 100 | _aSlemrod, Joel | ||
| 245 |
_aTaxing ourselves: a citizen's guide to the great debate over tax reform. / _cJoel Slemrod, and Jon Bakija |
||
| 260 |
_aLondon: _bMIT, _c1996. |
||
| 300 |
_axv, 299 p.: _bill.; _c22 cm. |
||
| 500 | _aIncludes bibliographical references and index. | ||
| 505 | _aContents: Introduction -- An Overview of the U.S. tax system -- Fairness -- Taxes and the economic equity -- Simplicity and enforceability -- Elements of fundamental reform -- What are the alternatives -- Building a better income tax -- A Voter's guide to the tax policy debate -- Epilogue -- Notes. | ||
| 700 | _aBakija, Jon | ||
| 942 |
_2lcc _cBK |
||
| 999 |
_c1407 _d8907 |
||